| 000 -LEADER |
| fixed length control field |
00549nam a2200169Ia 4500 |
| 008 - FIXED-LENGTH DATA ELEMENTS--GENERAL INFORMATION |
| fixed length control field |
190805s9999||||xx |||||||||||||| ||und|| |
| 020 ## - INTERNATIONAL STANDARD BOOK NUMBER |
| International Standard Book Number |
9780143422358 |
| Terms of availability |
Rs. 250.00 |
| 082 04 - DEWEY DECIMAL CLASSIFICATION NUMBER |
| Classification number |
355.13420954 |
| Item number |
R198 |
| 100 1# - MAIN ENTRY--PERSONAL NAME |
| Personal name |
Rawat, Rachna Bisht |
| 245 14 - TITLE STATEMENT |
| Title |
The Brave : Param Vir Chakra Stories / |
| 260 ## - PUBLICATION, DISTRIBUTION, ETC. (IMPRINT) |
| Place of publication, distribution, etc |
Gurgaon : |
| Name of publisher, distributor, etc |
Penguin Books India Pvt. Ltd, |
| Date of publication, distribution, etc |
2014 |
| 300 ## - PHYSICAL DESCRIPTION |
| Extent |
xi, 283 p. |
| Other physical details |
: ill. |
| Dimensions |
; 20 cm. |
| 650 #0 - SUBJECT ADDED ENTRY--TOPICAL TERM |
| Topical term or geographic name as entry element |
Param vir chakra |
| 700 1# - ADDED ENTRY--PERSONAL NAME |
| Personal name |
Rishi Kumar |
| 852 ## - LOCATION/CALL NUMBER |
| Location |
|
| 942 ## - ADDED ENTRY ELEMENTS (KOHA) |
| Item type |
Books |